000 00495nam a2200181Ia 4500
008 240925s9999 xx 000 0 und d
020 _a9780071068123
082 _a658.4038011 STE
100 _aSterman, John D.
245 0 _aBusiness Dynamics: systems thinking and modeling for a complex world
250 _aNA
260 _aNew York:
_bMc Graw HIll
_c,2010.
300 _a350p.
_bNA
_fOriginal
500 _aIncludes Index
600 _aManagement
650 _aManagement
942 _cBK
999 _c15375
_d15375